000
00244nam a2200109Ia 4500
008
240625s9999 xx 000 0 und d
041
_a
eng
082
_a
428.422 DIA
100
_a
DIAZ ISOBEL RAINEY DE
245
_a
IN DETAIL II
260
_c
2003
999
_c
34159
_d
34159